[Event "FRA-ch Students"]
[Site "Nancy"]
[Date "2020.02.08"]
[Round "4"]
[White "Leveque, Guillaume"]
[Black "Rakotomaharo, Fy Antenaina"]
[Result "0-1"]
[WhiteElo "2063"]
[BlackElo "2430"]
[PlyCount "102"]
[EventDate "2020.01.??"]
[EventType "swiss (rapid)"]
[EventRounds "9"]
[EventCountry "FRA"]
[SourceTitle "EXT 2021"]
[Source "ChessBase"]
[SourceDate "2020.10.23"]
[SourceVersion "1"]
[SourceVersionDate "2020.10.23"]
[SourceQuality "1"]

1. e4 c5 2. Nc3 d6 3. f4 g6 4. Nf3 Bg7 5. Bc4 Nc6 6. d3 e6 7. 0-0 Nge7 8. Qe1 Nd4 9. Nxd4 cxd4 10. Ne2 0-0 11. Bd2 d5 12. Bb3 a5 13. a4 dxe4 14. dxe4 d3 15. Nc3 Nc6 16. Kh1 Nd4 17. Be3 dxc2 18. Bxd4 Qxd4 19. Bxc2 Qb4 20. Rb1 Bd7 21. Qg3 f5 22. exf5 gxf5 23. Rfd1 Bc6 24. Ne2 Rf6 25. Nd4 Bxa4 26. Bxa4 Qxa4 27. b3 Qb4 28. Qe3 Qb6 29. Rbc1 Rd8 30. h3 Rf7 31. Nxf5 Rxd1+ 32. Rxd1 Qxe3 33. Nxe3 Rxf4 34. Rd8+ Rf8 35. Rd7 Rf7 36. Rd8+ Bf8 37. Nc4 Kg7 38. Nxa5 Rc7 39. Kh2 Be7 40. Rd3 b5 41. Kg3 Bb4 42. Re3 Bxa5 43. Rxe6 Rc3+ 44. Kf4 Rxb3 45. g4 Rxh3 46. Ra6 Bd2+ 47. Kf5 Rf3+ 48. Ke4 Rf4+ 49. Kd3 Be1 50. Rb6 b4 51. g5 Bc3 0-1

[Event "FRA-ch High Schools"]
[Site "Asnieres sur Seine"]
[Date "2018.05.05"]
[Round "1.5"]
[White "Barnabot, Philippe"]
[Black "Leveque, Guillaume"]
[Result "0-1"]
[WhiteElo "1399"]
[BlackElo "2180"]
[PlyCount "54"]
[EventDate "2018.05.12"]
[EventType "swiss (rapid)"]
[EventRounds "17"]
[EventCountry "FRA"]
[SourceTitle "EXT 2019"]
[Source "ChessBase"]
[SourceDate "2018.10.10"]
[SourceVersion "1"]
[SourceVersionDate "2018.10.10"]
[SourceQuality "1"]

1. e4 c5 2. Nf3 d6 3. d4 cxd4 4. Nxd4 Nf6 5. Nc3 g6 6. Bc4 Bg7 7. Be3 a6 8. f3 Nbd7 9. Qd2 b5 10. Bb3 Bb7 11. Bh6 Bxh6 12. Qxh6 Qb6 13. 0-0-0 Ne5 14. Rhe1 Rc8 15. f4 Nc4 16. h3 b4 17. Nd5 Nxd5 18. Qg7 Kd7 19. Qxf7 Nde3 20. Rxe3 Nxe3 21. Be6+ Kc7 22. Qxe7+ Kb8 23. Rd2 Rc7 24. Qf6 Re8 25. Nb3 Nxc2 26. Rxc2 Qg1+ 27. Kd2 Qxg2+ 0-1

[Event "FRA-ch U14"]
[Site "Troyes"]
[Date "2010.04.12"]
[Round "2"]
[White "Leveque, Guillaume"]
[Black "Bach, Anatole"]
[Result "0-1"]
[WhiteElo "1725"]
[BlackElo "1842"]
[PlyCount "102"]
[EventDate "2010.04.11"]
[EventType "swiss"]
[EventRounds "9"]
[EventCountry "FRA"]
[SourceTitle "EXT 2012"]
[Source "ChessBase"]
[SourceDate "2011.11.24"]
[SourceVersion "1"]
[SourceVersionDate "2011.11.24"]
[SourceQuality "1"]

1. e4 Nf6 2. e5 Nd5 3. d4 d6 4. c4 Nb6 5. exd6 exd6 6. Nc3 Be7 7. Bd3 Nc6 8. Be3 0-0 9. Nf3 Bg4 10. a3 Re8 11. Qc2 g6 12. d5 Bxf3 13. gxf3 Ne5 14. Qe2 Bg5 15. Kd2 Bxe3+ 16. fxe3 Qh4 17. b3 Nbd7 18. Bc2 f5 19. Rhg1 Kh8 20. Nb5 Rec8 21. Qg2 Qxh2 22. Qxh2 Nxf3+ 23. Kc3 Nxh2 24. e4 Nf3 25. Rgf1 fxe4 26. Bxe4 Nfe5 27. Nd4 Kg8 28. Bg2 a6 29. Bh3 Rf8 30. Ne6 Rxf1 31. Rxf1 Rc8 32. c5 c6 33. Kd4 cxd5 34. Kxd5 dxc5 35. Ng5 Re8 36. Kd6 Nf8 37. Ne6 Nf7+ 38. Kd5 Nxe6 39. Bxe6 Re7 40. Rc1 Kg7 41. Rxc5 Kf6 42. Bxf7 Re5+ 43. Kd6 Rxc5 44. Kxc5 Kxf7 45. Kb6 h5 46. Kxb7 h4 47. Kxa6 h3 48. a4 h2 49. a5 h1Q 50. Ka7 Qb1 51. a6 Qxb3 0-1

[Event "FRA-ch U08"]
[Site "Aix les Bains"]
[Date "2006.??.??"]
[Round "4"]
[White "Giroyan, Gary"]
[Black "Leveque, Guillaume"]
[Result "1-0"]
[WhiteElo "1850"]
[BlackElo "1560"]
[PlyCount "61"]
[EventDate "2006.04.16"]
[EventType "swiss"]
[EventRounds "9"]
[EventCountry "FRA"]
[SourceTitle "EXT 2007"]
[Source "ChessBase"]
[SourceDate "2006.11.23"]
[SourceVersion "1"]
[SourceVersionDate "2006.11.23"]
[SourceQuality "1"]

1. e4 e5 2. Nf3 Nc6 3. Bb5 Bc5 4. c3 Nge7 5. d4 exd4 6. cxd4 Bb6 7. 0-0 0-0 8. Be3 Ng6 9. Nbd2 a6 10. Ba4 Ba7 11. Re1 Re8 12. Bc2 d6 13. Nf1 Bb6 14. Ng3 Bd7 15. h3 Nb4 16. Bb1 c5 17. d5 a5 18. a3 Na6 19. Bc2 Ne5 20. Nxe5 dxe5 21. Bd3 Rc8 22. Rc1 Ba7 23. Qe2 Qf6 24. Rc2 Nb8 25. Rec1 b6 26. Bb5 Red8 27. Bxd7 Rxd7 28. Qg4 Rdc7 29. Nf5 Rd7 30. Bg5 Qg6 31. Ne7+ 1-0